| 000 | 00793nam a22002297a 4500 | ||
|---|---|---|---|
| 999 |
_c11854 _d11854 |
||
| 003 | AR-CdUCM | ||
| 008 | 190405b ||||| |||| 00| 0 spa d | ||
| 040 |
_aMUNICIPALIDAD PROVINCIAL DEL CUSCO _cBIBLIOTECA MUNICIPAL DEL CUSCO |
||
| 041 | _heng. | ||
| 082 |
_a947.084 / _bG64 /1920 |
||
| 100 |
_aGoode, William Thomas _929426 |
||
| 245 | _aEl Bolchevismo en acción / | ||
| 260 |
_aMadrid : _bCalpe, _c1920. |
||
| 300 |
_a178 paginas ; _c19 cm. |
||
| 505 | _aContenido :Una interviu con Lenin --Interviu con Chicherin --Interviu con Miliutin --Interviu con Sereda --Interviu conSchmidt / | ||
| 650 |
_aComunismo _9495 |
||
| 650 |
_aRusia _9499 |
||
| 650 |
_aHistoria _9136 |
||
| 700 |
_aCardenal Iracheta, Manuel (traductor) _929427 |
||
| 942 |
_2ddc _cLIBROS |
||
| 945 |
_arjall _d2019-04-05 |
||